NFL Draft 2024 Running Backs Drafted - Statistics

General Stats
  • This quiz has been taken 37 times
  • The average score is 10 of 20
Answer Stats
Round Player Team College % Correct
3 Blake Corum Rams Michigan
83%
4 Bucky Irving Buccaneers Oregon
76%
5 Tyrone Tracy Giants Purdue
69%
5 Isaiah Davis Jets South Dakota State
66%
2 Jonathon Brooks Panthers Texas
66%
4 Ray Davis Bills Kentucky
66%
4 Braelon Allen Jets Wisconsin
62%
3 Trey Benson Cardinals Florida State
59%
6 Kimani Vidal Chargers Troy
55%
4 Will Shipley Eagles Clemson
55%
4 Jaylen Wright Dolphins Tennessee
52%
3 MarShawn Lloyd Packers USC
52%
5 Audric Estime Broncos Notre Dame
45%
4 Isaac Guerendo 49ers Louisville
41%
5 Rasheen Ali Ravens Marshall
34%
6 Dylan Laube Raiders New Hampshire
28%
4 Sione Vaki Lions Utah
28%
5 Keilan Robinson Jaguars Texas
24%
6 Jawhar Jordan Texans Louisville
14%
6 Jase McClellan Falcons Alabama
7%
No matching quizzes found
Score Distribution
Percent of People with Each Score
Percentile by Number Answered
Your Score History
You have not taken this quiz